000 00490nam a22001697a 4500
003 MPLRDC
005 20220104144007.0
008 210129b ||||| |||| 00| 0 eng d
082 _a524.9231 DZ 1975-1986 c.2
100 _a董总出版组编辑
245 _a马来西亚文: 历届试题集 (第一辑)
_c
260 _a
_b马来西亚华校董事联合
_c1987
300 _b
490 _a马来西亚华文独中高中统考
650 _a
942 _cBK
_o524.9231 DZ 1975-1986 c.2
999 _c45348
_d45338